Normale Ansicht
MARC-Ansicht
Eintrag Personenname
001 - Kontrollnummer
- Kontrollfeld: 7659
003 - Kontrollnummer Identifier
- Kontrollfeld: RU-10907106
005 - Datum und Zeit der letzten Transaktion
- Kontrollfeld: 20220623170222.0
008 - Datenelemente mit fester Länge
- Kontrollfeld mit fester Länge: 220623|| aca||aabn | a|a d
040 ## - Katalogisierungsquelle
- Original-Katalogisierungsstelle: RU-10907106
- Übertragungsstelle: RU-10907106
100 ## - Ansetzung - Personenname
- Personenname: Hösch, Edgar
670 ## - Datenquelle
- Quellenangabe: Work cat.: (RU-10907106)40990: Seide, Georg 7658, Geschichte der Russischen Orthodoxen Kirche im Ausland von der Gründung bis in die Gegenwart